Statistics for Countries that spend the most online

Click here to take the quiz!

General Stats

  • This quiz has been taken 28 times
  • The average score is 8 of 10

Answer Stats

Per capita USDAnswer% Correct
1804USA
100%
1629UK
96%
1064Germany
92%
1228France
88%
849Spain
88%
968Japan
80%
626China
72%
396Russia
72%
1446Sweden
56%
350Brazil
48%

Score Distribution

Percentile by Number Answered

Percent of People with Each Score

Your Score History

You have not taken this quiz